Vista normal
Vista MARC
Entrada Personal Name
Número de registros utilizados en: 1
001 - CONTROL NUMBER
- control field: 10807
003 - CONTROL NUMBER IDENTIFIER
- control field: OSt
005 - DATE AND TIME OF LATEST TRANSACTION
- control field: 20200924124736.0
008 - FIXED-LENGTH DATA ELEMENTS
- fixed length control field: 200924|| aca||aabn | a|a d
040 ## - CATALOGING SOURCE
- Original cataloging agency: OSt
- Transcribing agency: OSt
100 ## - HEADING--PERSONAL NAME
- Personal name: Vezga, Florentino,
- Dates associated with a name: 1833-1890
670 ## - SOURCE DATA FOUND
- Source citation: Work cat.: (OSt)3674: Vezga, Florentino, 1833-1890, autor, La expedición botánica: , 1971.